Normal view
MARC view
- ديورانت، ول وايريل؛ ترجمة عبدالرحمن عبدالله الشيخ
Entry Personal Name
001 - CONTROL NUMBER
- control field: 60452
003 - CONTROL NUMBER IDENTIFIER
- control field: JO-AjAnu
005 - DATE AND TIME OF LATEST TRANSACTION
- control field: 20230606083900.0
008 - FIXED-LENGTH DATA ELEMENTS
- fixed length control field: 230606|| aca||aabn | a|a d
040 ## - CATALOGING SOURCE
- Original cataloging agency: JO-AjAnu
- Transcribing agency: JO-AjAnu
100 ## - HEADING--PERSONAL NAME
- Personal name: ديورانت، ول وايريل؛ ترجمة عبدالرحمن عبدالله الشيخ
670 ## - SOURCE DATA FOUND
- Source citation: Work cat.: (JO-AjAnu)30828: ديورانت، ول وايريل؛ ترجمة عبدالرحمن عبدالله الشيخ, author, قصة الحضارة: عصر نابوليون تاريخ الحضارة الاوروبية من 1789الى 1815، ج43-44، مجلد11، الكتاب الاول والثاني